000 00220nam a22000977a 4500
005 20250901165444.0
008 210406b ||||| |||| 00| 0 eng d
050 _aHC240.A1 .O74 1969
245 _aOECD
_bAT WORK
942 _2lcc
999 _c4267
_d4267